[Event "Int ch-SVK OpenA"]
[Site "Banska Stiavnica SVK"]
[Date "2010.07.13"]
[Round "4"]
[White "Motycakova,M"]
[Black "Kriebel,T"]
[Result "0-1"]
[WhiteElo "2093"]
[BlackElo "2320"]

1.e4 c5 2.Nf3 d6 3.d4 cxd4 4.Nxd4 Nf6 5.Nc3 a6 6.Be3 e5 7.Nf3 Qc7 8.a4 b6
9.Nd5 Nxd5 10.Qxd5 Bb7 11.Qb3 Be7 12.Bc4 O-O 13.Bxb6 Qc8 14.Bd5 Nd7 15.O-O-O Bxd5
16.Rxd5 Nf6 17.Nd2 Nxd5 18.Qxd5 Bg5 19.f3 Qd7 20.a5 Rac8 21.Kb1 Qc6 22.Qd3 Bd8
23.Rd1 Bxb6 24.axb6 Rfd8 25.b7 Qxb7 26.Nc4 Qc7 27.Ne3 Kf8 28.g3 Qc5 29.f4 Qb5
30.Qxb5 axb5 31.Nf5 d5 32.exd5 exf4 33.c3 g6 34.Nh4 fxg3 35.hxg3 Rc5 36.d6 Rc6
37.Rd5 Rb6 38.d7 Ke7  0-1

[Event "2nd Open"]
[Site "Rethymno GRE"]
[Date "2010.07.14"]
[Round "3"]
[White "Vuilleumier,A"]
[Black "Schut,He"]
[Result "1-0"]
[WhiteElo "2361"]
[BlackElo "2029"]

1.e4 c5 2.Nf3 d6 3.d4 cxd4 4.Nxd4 Nf6 5.Nc3 a6 6.Be3 e5 7.Nb3 Be6 8.Qd2 Nbd7
9.O-O-O b5 10.f4 exf4 11.Bxf4 Ne5 12.Qe1 Qc7 13.Nd5 Bxd5 14.exd5 Be7 15.Qa5 Qb7
16.Bxe5 dxe5 17.d6 Bd8 18.Qc3 O-O 19.Qxe5 Bb6 20.Qf5 Qe4 21.Bd3 Qxf5 22.Bxf5 g6
23.Bh3 Ne4 24.Rhe1 f5 25.Rd5 Rad8 26.d7 Bc7 27.Rd4 Nf6 28.Re6 Bxh2 29.Rxa6 Nxd7
30.Ra5 Nc5 31.Rxd8 Rxd8 32.c3 Nd3+ 33.Kb1 b4 34.cxb4 Nxb4 35.a3 Rd1+ 36.Nc1 Bf4
37.axb4 Rxc1+ 38.Ka2 Rc2 39.Rc5 Rf2 40.Ka3 Bd6 41.Rd5 Be7 42.b3 Kf7 43.Ka4 Ke6
44.Ra5 g5 45.g4 f4 46.Rf5 h6 47.Ka5 Ra2+ 48.Kb5 Ra8 49.Bg2 Rb8+ 50.Kc6 Bxb4
51.Bd5+ Ke7 52.Rf7+ Ke8 53.Rh7 Bf8 54.Kc7  1-0

[Event "Corporation Centre Cup"]
[Site "Izhevsk RUS"]
[Date "2010.07.15"]
[Round "1"]
[White "Severiukhina,Z"]
[Black "Kostitsina,L"]
[Result "1-0"]
[WhiteElo "2341"]
[BlackElo "1930"]

1.e4 c5 2.Nf3 d6 3.d4 cxd4 4.Nxd4 Nf6 5.Nc3 a6 6.Be3 e6 7.Qd2 b5 8.f3 Bb7
9.g4 h6 10.O-O-O Nbd7 11.h4 b4 12.Nce2 d5 13.Bh3 dxe4 14.g5 Nd5 15.g6 Nc5
16.gxf7+ Kxf7 17.fxe4 Nxe3 18.Qxe3 Qe7 19.Rhf1+ Kg8 20.Nf4 Bxe4 21.Ndxe6 Re8
22.Nxf8 Rxf8 23.Ng6 Nd3+ 24.Rxd3 Rxf1+ 25.Bxf1  1-0

[Event "29th Jacques Lemans Open"]
[Site "St Veit SUI"]
[Date "2010.07.15"]
[Round "6"]
[White "Halvax,G"]
[Black "Meertens,Mart"]
[Result "1-0"]
[WhiteElo "2255"]
[BlackElo "2133"]

1.e4 c5 2.Nf3 d6 3.d4 cxd4 4.Nxd4 Nf6 5.Nc3 a6 6.Be3 e6 7.g4 h6 8.Bg2 Nc6
9.h3 Ne5 10.Qe2 g5 11.f4 gxf4 12.Bxf4 Bd7 13.O-O-O Rc8 14.Nf3 Qa5 15.Nxe5 dxe5
16.Bd2 Qc7 17.Kb1 b5 18.Rc1 b4 19.Nd1 Bb5 20.Qf3 Nd7 21.Bf1 Bxf1 22.Rxf1 Nb6
23.b3 Rh7 24.Nb2 a5 25.c3 Qb7 26.cxb4 axb4 27.Nd3 Rxc1+ 28.Rxc1 h5 29.g5 Nd7
30.h4 Bd6 31.Rc4 Nb6 32.Rc2 Nd7 33.Be3 Qb5 34.Rc8+ Ke7 35.Rc4 Nb6 36.Qf6+ Kd7
37.Bxb6 Qxb6 38.Nxe5+ Bxe5 39.Qxe5 Qg1+ 40.Rc1 Qb6 41.Rd1+ Ke8 42.Qf6 Qc7
43.Rd4 Qb6 44.Rc4 Qg1+ 45.Kb2 Qh2+ 46.Rc2 Qb8 47.g6 fxg6 48.Qxe6+ Kd8 49.Qg8+  1-0

[Event "Int ch-SVK OpenA"]
[Site "Banska Stiavnica SVK"]
[Date "2010.07.16"]
[Round "7"]
[White "Varga,Dav"]
[Black "Talla,V"]
[Result "1-0"]
[WhiteElo "2330"]
[BlackElo "2476"]

1.e4 c5 2.Nf3 d6 3.d4 cxd4 4.Nxd4 Nf6 5.Nc3 a6 6.Be3 e6 7.f3 b5 8.Qd2 Nbd7
9.a4 bxa4 10.Rxa4 Nb6 11.Rb4 Nbd7 12.Rc4 Bb7 13.Nc6 Qc7 14.Ne5 Qa5 15.Nxd7 Nxd7
16.Be2 Be7 17.O-O O-O 18.Nd5 Qd8 19.Nxe7+ Qxe7 20.Rc7  1-0

[Event "2nd Open"]
[Site "Rethymno GRE"]
[Date "2010.07.16"]
[Round "5"]
[White "Vuilleumier,A"]
[Black "Borovikov,V"]
[Result "1/2-1/2"]
[WhiteElo "2361"]
[BlackElo "2601"]

1.e4 c5 2.Nf3 d6 3.d4 cxd4 4.Nxd4 Nf6 5.Nc3 a6 6.Be3 e5 7.Nb3 Be7 8.Qd2 Ng4
9.g3 O-O 10.O-O-O Nxe3 11.Qxe3 Nd7 12.Nd5 Nf6 13.Nxf6+ Bxf6 14.Bc4 Bg5 15.f4 Bh6
16.Kb1 Be6 17.Bd5 Bxd5 18.Rxd5 exf4 19.gxf4 Qe7 20.Nd4 g6 21.Re1 Rfe8 22.Qg3 Bg7
23.h4 Rac8 24.h5 Rc5 25.Rxc5 dxc5 26.Nf3 c4 27.hxg6 hxg6 28.e5 Qd7 29.Rg1 Rd8
30.Qe1 Qf5 31.Qh4 Rd5 32.a4 Qd7 33.Qe1 Qxa4 34.e6 Ra5 35.exf7+ Kxf7 36.Ng5+ Kf8
37.Nh7+ Kf7 38.Ng5+ Kf8 39.Nh7+ Kg8 40.Qe6+ Kh8 41.Qc8+ Kxh7 42.Rh1+ Rh5
43.Rxh5+ gxh5 44.Qf5+ Kg8 45.Qd5+ Kf8 46.Qc5+ Ke8 47.Qxh5+ Ke7 48.Qh7 Kf7
49.Qh5+ Ke7 50.Qh7 Kf7  1/2-1/2

[Event "2nd Open"]
[Site "Rethymno GRE"]
[Date "2010.07.16"]
[Round "5"]
[White "Schut,D"]
[Black "Georgiadis,I"]
[Result "0-1"]
[WhiteElo "2080"]
[BlackElo "2457"]

1.e4 c5 2.Nf3 d6 3.d4 cxd4 4.Nxd4 Nf6 5.Nc3 a6 6.Be3 e5 7.Nf3 Be7 8.Bc4 O-O
9.O-O Be6 10.Bxe6 fxe6 11.Na4 Nfd7 12.c4 Nc6 13.Qb3 Na5 14.Qd3 Qc7 15.Rac1 Nc5
16.Qc2 Nc6 17.Nc3 Nb4 18.Qb1 Ncd3 19.Rcd1 Nf4 20.a3 Nc6 21.Rd2 Na5 22.Na4 Nb3
23.Rc2 Qc6 24.Nb6 Rad8 25.Qa2 Nc5 26.Bxc5 dxc5 27.Qb3 Rd3 28.Rc3 Ne2+ 29.Kh1 Nxc3
30.bxc3 Qxe4 31.Re1 Qf4  0-1

[Event "Aegean Open"]
[Site "Agios Kirykos GRE"]
[Date "2010.07.17"]
[Round "5"]
[White "Zagrebelny,S"]
[Black "Kesoglou,K"]
[Result "1-0"]
[WhiteElo "2480"]
[BlackElo "2098"]

1.e4 c5 2.Nf3 d6 3.d4 cxd4 4.Nxd4 Nf6 5.Nc3 a6 6.Be3 e6 7.Be2 Be7 8.f4 Qc7
9.Bf3 Nc6 10.O-O O-O 11.Kh1 Re8 12.Nxc6 bxc6 13.Na4 Rb8 14.c4 e5 15.c5 dxc5
16.f5 a5 17.Qc2 Ba6 18.Rfd1 c4 19.Nc5 Bxc5 20.Bxc5 Rbd8 21.Qf2 Rxd1+ 22.Rxd1 Rd8
23.Re1 Rb8 24.g4 Nd7 25.Be3 f6 26.Qd2 Rb7 27.Rd1 Bb5 28.h4 Ba4 29.Rc1 Bb5
30.g5 c5 31.Qd5+ Kh8 32.Rd1 Rb8 33.Qf7 Rf8 34.Qe7 Qd8 35.Bxc5 Qxe7 36.Bxe7 Re8
37.Ba3 fxg5 38.hxg5 Bc6 39.Rd6 Rc8 40.Kg1 Nb6 41.Be2  1-0

[Event "30th Open"]
[Site "Benasque ESP"]
[Date "2010.07.17"]
[Round "10"]
[White "Vocaturo,D"]
[Black "Corrales Jimenez,F"]
[Result "1/2-1/2"]
[WhiteElo "2526"]
[BlackElo "2574"]

1.e4 c5 2.Nf3 d6 3.d4 cxd4 4.Nxd4 Nf6 5.Nc3 a6 6.Be3 e6 7.Be2 Be7 8.f4 Qc7
9.g4 Nc6 10.g5 Nd7 11.Qd2 Na5 12.O-O-O Nc4 13.Bxc4 Qxc4 14.Nb3 b6 15.Bd4 Rg8
16.Qf2 Qc6 17.Qh4 h6 18.Qg3 hxg5 19.fxg5 Qc7 20.Rhf1 Ne5 21.h4 b5 22.a3 g6
23.Rf2 Bd7 24.Nc5 Bc6 25.Rdf1 Rf8 26.Nd3 Nxd3+ 27.Qxd3 e5 28.Be3 Qb7 29.Nd5 Bxd5
30.exd5 Qd7 31.h5 gxh5 32.g6 f6 33.g7 Rg8 34.Qg6+ Kd8 35.Qxh5 Qe8 36.Qg4 Qf7
37.Bh6 Qxd5 38.Rd1 Qc4 39.Qf3 Rc8 40.Qb7 Qc6 41.Qa7 Ke8 42.Qe3 Qd7 43.Qe4 Qe6
44.Qb7 Kf7 45.Rdf1 Rb8 46.Rxf6+ Qxf6 47.Rxf6+ Kxf6 48.Qe4 Rbd8 49.Qf3+ Ke6
50.Qg4+ Kf7 51.c4 Rde8 52.Kb1 bxc4 53.Qxc4+ Kf6 54.Qf1+ Ke6 55.Qc4+ Kd7 56.Qc2 Rd8
57.Qc3 Rde8 58.Qc4 a5 59.Ka2 Bd8 60.Qf7+ Kc6 61.Qc4+ Kd7 62.Kb3 Bb6 63.Qf7+ Kc6
64.Kc4 e4 65.b4 axb4 66.axb4 Bg1 67.Qd5+ Kc7 68.b5 Rc8 69.Qxe4 Kb6+ 70.Kd3 Kxb5
71.Qb7+ Bb6 72.Be3 Rb8 73.Qd7+ Ka5 74.Bd2+ Ka6 75.Bc3 d5 76.Qa4+ Kb7 77.Qd7+ Ka6
78.Bf6 d4 79.Qa4+ Kb7 80.Qd7+ Ka6 81.Qf7 Bc5 82.Qc4+ Kb6 83.Qe6+ Kb5 84.Qd7+ Kb6
85.Be5 Rbc8 86.Ke4 Ka5 87.Qb7 Bb6 88.Kf5 Rge8 89.Qd5+ Rc5 90.Qd6 d3 91.Kf6 Rcxe5
92.Qa3+ Kb5 93.Qxd3+ Kc6 94.Qc3+ Rc5 95.Qf3+ Rd5 96.Kf7 Rd8 97.g8=Q Rxg8
98.Kxg8 Kc5 99.Kf7 Rd4 100.Ke6 Kb5 101.Qb3+ Ka6 102.Qa2+ Kb5 103.Qb3+ Ka6  1/2-1/2

[Event "ZDMI Open"]
[Site "Dresden GER"]
[Date "2010.07.17"]
[Round "8"]
[White "Moehn,H"]
[Black "Kieslich,Aaron"]
[Result "1-0"]
[WhiteElo "2024"]
[BlackElo "1801"]

1.e4 c5 2.Nf3 d6 3.d4 cxd4 4.Nxd4 Nf6 5.Nc3 a6 6.Be3 e6 7.Be2 Qc7 8.a3 b5
9.f4 Bb7 10.Bf3 Be7 11.f5 e5 12.Nde2 Nbd7 13.g4 Nb6 14.g5 Nfd7 15.b3 f6 16.Bh5+ Kf8
17.h4 Nc5 18.Bf3 Rc8 19.O-O Rd8 20.Nd5 Nxd5 21.exd5 Qc8 22.Ng3 Qa8 23.c4 bxc4
24.Bxc5 dxc5 25.bxc4 Bd6 26.Ne4 Ke7 27.Qd2 h6 28.gxf6+ gxf6 29.Kh2 Rdg8 30.Rg1 Qf8
31.Rxg8 Rxg8 32.Rb1 Bc8 33.Rb6 Qg7 34.Qe3 Rd8 35.Nxd6 Rxd6 36.Qxc5  1-0

[Event "Lake Sevan GM"]
[Site "Martuni ARM"]
[Date "2010.07.17"]
[Round "7"]
[White "Ter Sahakyan,S"]
[Black "Gopal,Geetha Narayanan"]
[Result "0-1"]
[WhiteElo "2525"]
[BlackElo "2611"]

1.e4 c5 2.Nf3 d6 3.d4 cxd4 4.Nxd4 Nf6 5.Nc3 a6 6.Be3 e5 7.Nb3 Be7 8.f3 Be6
9.Qd2 O-O 10.O-O-O a5 11.Bb5 Na6 12.Qe2 Qb8 13.g4 Rc8 14.Kb1 a4 15.Nxa4 Nb4
16.g5 Ne8 17.Qd2 Nxc2 18.Rc1 Nxe3 19.Rxc8 Bxc8 20.Nb6 Nc7 21.Nxa8 Qxa8 22.Be2 Ng2
23.Rc1 Ne6 24.Qa5 Qb8 25.Qb5 Kf8 26.Bf1 Ngf4 27.Na5 Nd4 28.Qb6 Nfe6 29.h4 Nc5
30.Bc4 Bd7 31.Qb4 b5 32.Bf1 Qa8 33.Qc3 Bd8 34.Nb3 Ncxb3 35.axb3 Be6  0-1

[Event "2nd Open"]
[Site "Rethymno GRE"]
[Date "2010.07.17"]
[Round "6"]
[White "Georgiadis,I"]
[Black "Schut,L"]
[Result "1-0"]
[WhiteElo "2457"]
[BlackElo "2286"]

1.Nf3 c5 2.e4 d6 3.d4 cxd4 4.Nxd4 Nf6 5.Nc3 a6 6.Be3 e5 7.Nb3 Be7 8.Be2 Be6
9.O-O O-O 10.Nd5 Nxd5 11.exd5 Bf5 12.Qd2 a5 13.a4 Nd7 14.Bb5 Nc5 15.Rfd1 Nxb3
16.cxb3 Bd7 17.Qe2 f5 18.f3 Rc8 19.Rac1 Rxc1 20.Rxc1 Bg5 21.Bxd7 Bxe3+ 22.Qxe3 Qxd7
23.Qb6 Rc8 24.Rc3 e4 25.Qxa5 exf3 26.gxf3 Re8 27.Qc7 Re1+ 28.Kf2 Qe8 29.Qc8 Re2+
30.Kg3 Qxc8 31.Rxc8+ Kf7 32.Rc7+ Kf6 33.Rd7 Rxb2 34.Rxd6+ Ke5 35.Re6+ Kxd5
36.Rb6 g5 37.h4 gxh4+ 38.Kxh4 Ke5 39.Kg3 h5 40.Rb5+ Kd4 41.Kf4 h4 42.Rxb7 h3
43.Rh7 h2 44.a5 Kc3 45.Kxf5 Kxb3 46.f4 Kc4 47.a6 Ra2 48.Kg5 Kd5 49.a7 Rxa7
50.Rxh2 Ra5 51.f5 Kd6 52.Re2 Kd7 53.Kg6 Ra1 54.f6 Rg1+ 55.Kh7 Rh1+ 56.Kg7 Rg1+
57.Kf8 Rf1 58.f7 Rf3 59.Re4 Rf1 60.Kg7 Rg1+ 61.Kf8 Rf1 62.Rg4 Ke6 63.Rg6+ Kd7
64.Rg7 Ke6 65.Kg8  1-0

[Event "1st Open"]
[Site "Vaujany FRA"]
[Date "2010.07.17"]
[Round "8"]
[White "Stets,D"]
[Black "Di Nicolantonio,L"]
[Result "1-0"]
[WhiteElo "2478"]
[BlackElo "2204"]

1.e4 c5 2.Nf3 d6 3.d4 cxd4 4.Nxd4 Nf6 5.Nc3 a6 6.Be3 e6 7.Qd2 b5 8.f3 Nbd7
9.g4 Nb6 10.O-O-O Bb7 11.Bd3 Rc8 12.g5 Nfd7 13.Kb1 b4 14.Nce2 d5 15.Ng3 Be7
16.h4 dxe4 17.Bxe4 Bxe4 18.Nxe4 Nc4 19.Qe2 Nxe3 20.Qxe3 Qc7 21.Nf5 exf5 22.Nd6+ Kf8
23.Nxc8 Qxc8 24.Rhe1 Qe8 25.Qa7  1-0

[Event "Open"]
[Site "Antakya TUR"]
[Date "2010.07.18"]
[Round "6"]
[White "Arat,Uf"]
[Black "Olcum,A"]
[Result "1-0"]
[WhiteElo "1920"]
[BlackElo "1949"]

1.e4 c5 2.Nf3 d6 3.d4 cxd4 4.Nxd4 Nf6 5.Nc3 a6 6.Be3 e5 7.Nf3 Be7 8.Bc4 O-O
9.Qe2 b5 10.Bd5 Nxd5 11.Nxd5 Nd7 12.O-O-O Bb7 13.Nxe7+ Qxe7 14.Qd2 d5 15.exd5 Qd6
16.Ng5 Nf6 17.Rhe1 Rfe8 18.f3 Qxd5 19.Qxd5 Bxd5 20.Bf2 Rac8 21.Bg3 h6 22.Ne4 Bxe4
23.fxe4 Re6 24.b3 Nh5 25.Rd3 Nxg3 26.Rxg3 Rd6 27.Rd1 Rxd1+ 28.Kxd1 Kf8 29.Kd2 b4
30.c4 Rc5 31.Kc2 Rc6 32.Rd3 Ke7 33.Rd5 Ke6 34.Kd3 f5 35.exf5+ Kxf5 36.Rd7 g6
37.Rf7+ Ke6 38.Rb7 Rd6+ 39.Ke3 Kf5 40.Rxb4 Rd1 41.c5 Re1+ 42.Kd2 Rg1 43.Rc4 Rxg2+
44.Ke3 Rxh2 45.c6 Rh3+ 46.Kf2 Rh2+ 47.Kg1 Rxa2 48.c7 Ra1+ 49.Kf2 Ra2+ 50.Ke1 Ra1+
51.Kd2 Ra2+ 52.Rc2  1-0

[Event "ZDMI Open"]
[Site "Dresden GER"]
[Date "2010.07.18"]
[Round "9"]
[White "Grzeca,P"]
[Black "Eilers,J"]
[Result "1-0"]
[WhiteElo "1880"]
[BlackElo "2002"]

1.e4 c5 2.Nf3 d6 3.d4 cxd4 4.Nxd4 Nf6 5.Nc3 a6 6.Be3 e5 7.Nf3 Be7 8.Bc4 O-O
9.O-O Qc7 10.Bb3 b5 11.Bg5 Be6 12.Bxf6 Bxf6 13.Qd2 Nd7 14.Rfd1 Be7 15.Ng5 Bxg5
16.Qxg5 Nb6 17.Rd3 b4 18.Ne2 h6 19.Qh4 Qd8 20.Qg3 Qe7 21.f4 f6 22.f5 Bxb3
23.axb3 Rfd8 24.Qf2 Qc7 25.c4 Nd7 26.Rd5 Nc5 27.Qe3 a5 28.Ng3 a4 29.bxa4 Rxa4
30.Rad1 Ra2 31.Qd2 Nb3 32.Qxb4 Nd4 33.c5 dxc5 34.Qc4 Rxd5 35.Qxa2 c4 36.exd5 Qc5
37.Qa8+ Kh7 38.Kh1 Nc2 39.d6 Ne3 40.Qf3  1-0

[Event "Corporation Centre Cup"]
[Site "Izhevsk RUS"]
[Date "2010.07.18"]
[Round "4"]
[White "Kostitsina,L"]
[Black "Khazieva,E"]
[Result "0-1"]
[WhiteElo "1930"]
[BlackElo "1895"]

1.e4 c5 2.Nf3 d6 3.d4 cxd4 4.Nxd4 Nf6 5.Nc3 a6 6.Be3 e5 7.Nb3 Be6 8.f3 Be7
9.Qd2 h5 10.O-O-O b5 11.Nd5 Bxd5 12.exd5 Qc7 13.f4 Ng4 14.fxe5 Nxe5 15.Bg5 Qd8
16.Bf4 Nbd7 17.Nd4 Bf6 18.Nf5 Nc5 19.Be2 g6 20.Nd4 O-O 21.Rhe1 Qb6 22.Bh6 Bg7
23.Bxg7 Kxg7 24.Qg5 Qd8 25.Qg3 Ne4 26.Qe3 Qg5 27.Bf3 Qxe3+ 28.Rxe3 Nf6 29.Nc6 Nxf3
30.gxf3 Rfe8 31.Rxe8 Rxe8 32.Nb4 Re2 33.h4 Re3 34.Rf1 a5 35.Nc6 Nxd5 36.Nxa5 Re2
37.Nb7 Ne3 38.Rh1 Rxc2+ 39.Kb1 Rd2 40.Kc1 Rc2+ 41.Kb1 Rd2 42.Kc1 Rd4 43.b3 Nf5
44.Rd1 Rxh4 45.Nxd6 Nxd6 46.Rxd6 Rf4 47.Rd3 b4 48.Kd2 g5 49.Ke3 Kg6 50.Rd6+ f6
51.Rd2 h4 52.Rc2 h3 53.Rh2 Rh4 54.Kf2 Kf5 55.Kg3 Rh8 56.Rh1 h2 57.Kf2 Kf4
58.Kg2 Rd8 59.Ra1 Rd2+ 60.Kh1 Kxf3  0-1

[Event "Open A"]
[Site "Oberwart AUT"]
[Date "2010.07.18"]
[Round "6"]
[White "Mihok,O"]
[Black "Karner,C"]
[Result "0-1"]
[WhiteElo "2438"]
[BlackElo "2345"]

1.e4 c5 2.Nf3 d6 3.d4 cxd4 4.Nxd4 Nf6 5.Nc3 a6 6.Be3 e5 7.Nb3 Be6 8.Qd2 Nbd7
9.O-O-O b5 10.f4 Rc8 11.f5 Bc4 12.Kb1 Qc7 13.h3 Be7 14.g4 h6 15.Qg2 b4 16.Nd5 Nxd5
17.exd5 Bg5 18.Bg1 Bxf1 19.Rxf1 a5 20.h4 a4 21.hxg5 axb3 22.cxb3 Qa5 23.gxh6 gxh6
24.g5 Ra8 25.a4 bxa3 26.bxa3 Qxa3 27.Qb2 Qb4 28.Qc2 Qa3 29.Qb2 Qb4 30.Qc2 Qa5
31.Qb2 Qxd5 32.Rh3 Qe4+ 33.Kc1 Rc8+ 34.Rc3 O-O 35.gxh6 Kh8 36.Qc2 Rxc3 37.Qxc3 Nf6
38.Qc2 Qb7 39.Kb2 Rg8 40.Be3 Nd5 41.Bc1 Nb4 42.Qc4 Rg2+ 43.Kb1 Qa8 44.Ba3 Qxa3
45.Qc8+ Kh7  0-1

[Event "XIV Battle Of Senta"]
[Site "Senta SRB"]
[Date "2010.07.19"]
[Round "4"]
[White "Farkas,Ti"]
[Black "Elez,S"]
[Result "1-0"]
[WhiteElo "2246"]
[BlackElo "2136"]

1.e4 c5 2.Nf3 d6 3.d4 cxd4 4.Nxd4 Nf6 5.Nc3 a6 6.Be3 e5 7.Nb3 Be6 8.Qd2 Be7
9.O-O-O Ng4 10.g3 Nxe3 11.Qxe3 Nd7 12.f4 b5 13.Kb1 b4 14.Nd5 Bxd5 15.Rxd5 Qc7
16.Be2 O-O 17.Rc1 Nf6 18.Ra5 Qb7 19.Nd2 Bd8 20.fxe5 Bb6 21.Qf3 Nd7 22.Rd5 dxe5
23.Nb3 Nf6 24.Rxe5 a5 25.Bd3 a4 26.Nd2 a3 27.b3 Qc7 28.Nc4 Bd4 29.Rf5 Rac8
30.e5 Ne8 31.Qe4 g6 32.Qxd4 gxf5 33.Bxf5 Rd8 34.Qh4 f6 35.e6 Qe7 36.Re1 Kh8
37.Ne5 Qg7 38.e7 Nd6 39.Ng6+ Kg8 40.Be6+  1-0

[Event "Corporation Centre Cup"]
[Site "Izhevsk RUS"]
[Date "2010.07.20"]
[Round "6"]
[White "Frolyanov,D"]
[Black "Kokarev,Dm"]
[Result "1-0"]
[WhiteElo "2587"]
[BlackElo "2629"]

1.e4 c5 2.Nf3 d6 3.d4 cxd4 4.Nxd4 Nf6 5.Nc3 a6 6.Be3 e5 7.Nf3 Be7 8.Bc4 O-O
9.O-O Be6 10.Qe2 Nc6 11.Rad1 Qc7 12.Bxe6 fxe6 13.Qc4 Qd7 14.Qb3 b5 15.Ng5 d5
16.Nxe6 Qxe6 17.exd5 Nxd5 18.Qxd5 Kf7 19.Qe4  1-0

[Event "33rd Taminco Open"]
[Site "Ghent BEL"]
[Date "2010.07.21"]
[Round "9"]
[White "Draftian,A"]
[Black "Van der Stricht,G"]
[Result "0-1"]
[WhiteElo "2275"]
[BlackElo "2393"]

1.e4 c5 2.Nf3 d6 3.d4 cxd4 4.Nxd4 Nf6 5.Nc3 a6 6.Be3 e5 7.Nb3 Be7 8.f3 Be6
9.Qd2 O-O 10.O-O-O Nbd7 11.g4 b5 12.g5 b4 13.Ne2 Ne8 14.Qxb4 a5 15.Qd2 a4
16.Na1 Bxa2 17.Ng3 Nc7 18.h4 d5 19.Nf5 Re8 20.f4 Bf8 21.Rg1 g6 22.Nh6+ Bxh6
23.gxh6 Qxh4 24.fxe5 Nxe5 25.Bg5 Qxe4 26.Bg2 Nc4 27.Bxe4 Nxd2 28.Bxg6 hxg6
29.Rxd2 Kh7 30.b3 Ne6 31.Bf6 Nf4 32.Kb2 axb3 33.cxb3 Re3 34.Bg5 Rf3 35.Rgd1 Ne6
36.Be7 Nf4 37.Bd6 g5 38.Bxf4 Rxf4 39.Nc2 Rf6 40.Rxd5 Rf2 41.Rxg5 Bxb3 42.Kxb3 Rb8+
43.Nb4 Rf4 44.Rh1 Rbxb4+ 45.Kc3 Rbc4+ 46.Kd3 Rcd4+ 47.Ke3 Rde4+ 48.Kd3 Re8
49.Rg7+ Kh8 50.Rg5 Rf6 51.h7 Rd6+ 52.Kc4 Rc8+ 53.Rc5 Rcd8 54.Rf5 Rc6+ 55.Rc5 Rf6
56.Rc7 Rf2 57.Rc5 Rc2+ 58.Kb5 Rb8+ 59.Kc6 Rc8+ 60.Kd7 R2xc5 61.Ke7 R5c7+
62.Kf6 Re8 63.Kf5 Re6 64.Kf4 Rc5 65.Kg4 Rg6+ 66.Kf4 Rb6  0-1

[Event "Corporation Centre Cup"]
[Site "Izhevsk RUS"]
[Date "2010.07.21"]
[Round "7"]
[White "Predke,A"]
[Black "Voitsekhovsky,S"]
[Result "1/2-1/2"]
[WhiteElo "2425"]
[BlackElo "2524"]

1.e4 c5 2.Nf3 d6 3.d4 cxd4 4.Nxd4 Nf6 5.Nc3 a6 6.Be3 e5 7.Nf3 Be7 8.Bc4 O-O
9.O-O Nc6 10.Bg5 Ne8 11.Bxe7 Qxe7 12.Nd5 Qd8 13.Qd3 Na5 14.Nd2 Be6 15.Rfd1 Rc8
16.b4 Nxc4 17.Nxc4 Bxd5 18.Qxd5 Qc7 19.Ne3 Nf6 20.Qxd6 Nxe4 21.Qxc7 Rxc7
22.c4 Nc3 23.Rd2 f6 24.Rc2 Ne4 25.Rd1 a5 26.a3 axb4 27.axb4 Ra8 28.f3 Ng5
29.Rd6 Nf7 30.Rb6 Rd7 31.c5 e4 32.f4 Nd8 33.b5 Rd3 34.Nf5 g6 35.c6 bxc6 36.Ne7+ Kf8
37.bxc6 e3 38.Rb1 Rb8 39.Re1 Kxe7 40.c7 Rc8 41.cxd8=Q+ Kxd8 42.Rxc8+ Kxc8
43.Kf1  1/2-1/2

[Event "Corporation Centre Cup"]
[Site "Izhevsk RUS"]
[Date "2010.07.21"]
[Round "7"]
[White "Dzhumaev,M"]
[Black "Pushin,V"]
[Result "1-0"]
[WhiteElo "2484"]
[BlackElo "2380"]

1.e4 c5 2.Nf3 d6 3.d4 cxd4 4.Nxd4 Nf6 5.Nc3 a6 6.Be3 e5 7.Nb3 Be6 8.f3 Be7
9.Qd2 Nbd7 10.O-O-O O-O 11.g4 b5 12.g5 b4 13.Ne2 Ne8 14.Ng3 a5 15.Kb1 a4
16.Nc1 Ra5 17.Nf5 Bxf5 18.exf5 d5 19.f6 Bd6 20.f4 e4 21.Rg1 gxf6 22.gxf6+ Kh8
23.Bh3 Ndxf6 24.Qf2 Qe7 25.Ne2 Rg8 26.Nd4 Qf8 27.Nc6 Rxg1 28.Rxg1 Rc5 29.Ne5 Rc7
30.Bd4 b3 31.cxb3 axb3 32.axb3 Qh6 33.Rg3 Ng7 34.Bg4 Bf8 35.Bb6 Rb7 36.Bc8 Ng4
37.Bxb7  1-0

[Event "Corporation Centre Cup"]
[Site "Izhevsk RUS"]
[Date "2010.07.21"]
[Round "7"]
[White "Kostitsina,L"]
[Black "Ivanov,Stepan RUS"]
[Result "0-1"]
[WhiteElo "1930"]
[BlackElo "2072"]

1.e4 c5 2.Nf3 d6 3.d4 cxd4 4.Nxd4 Nf6 5.Nc3 a6 6.Be3 e5 7.Nb3 Be7 8.f3 Be6
9.Qd2 O-O 10.O-O-O Nbd7 11.g4 b5 12.g5 Nh5 13.Rg1 Nb6 14.Nd5 Nxd5 15.exd5 Bf5
16.Na5 Qd7 17.Nc6 Rfe8 18.Nxe7+ Rxe7 19.Bd3 g6 20.Bxf5 Qxf5 21.Rgf1 Rc8 22.Rf2 Rec7
23.Qd3 Rc4 24.Qxf5 gxf5 25.c3 f4 26.Bd2 Ng7 27.Kc2 Nf5 28.Bc1 Kg7 29.Rd3 Kg6
30.Rg2 R4c5 31.b3 a5 32.Kd1 Rxc3 33.Rxc3 Rxc3 34.Rf2 Rd3+ 35.Kc2 Rxd5 36.Bd2 b4
37.Kb2 Kxg5 38.a3 bxa3+ 39.Kxa3 Rd3 40.Bxa5 Nd4 41.Rb2 Rxf3 42.Ka4 Rxb3 43.Rxb3 Nxb3
44.Kxb3 f3 45.Be1 e4 46.Bf2 Kf4  0-1

[Event "3rd Open"]
[Site "Paleochora GRE"]
[Date "2010.07.23"]
[Round "3"]
[White "Vishnu,P"]
[Black "Parligras,M"]
[Result "0-1"]
[WhiteElo "2341"]
[BlackElo "2574"]

1.e4 c5 2.Nf3 d6 3.d4 cxd4 4.Nxd4 Nf6 5.Nc3 a6 6.Be3 e6 7.Be2 Nbd7 8.O-O b5
9.a4 b4 10.Nc6 Qc7 11.Nxb4 d5 12.Qd4 Bc5 13.Nbxd5 exd5 14.Nxd5 Qd6 15.Nxf6+ gxf6
16.Qc3 Qe5 17.Qxe5+ fxe5 18.Bxc5 Nxc5 19.b4 Ne6 20.Rfd1 Bb7 21.Rd6 Ke7 22.Rb6 Bxe4
23.Bxa6 Bxc2 24.a5 Rhb8 25.Bb7 Ra7 26.a6 Bd3 27.b5 Nd4 28.Re1 f6 29.f4 Ne2+
30.Kf2 Nxf4 31.Rc1 Nd5 32.Rbc6 Bxb5 33.R6c5 Nb4 34.Rxb5 Nd3+ 35.Ke3 Nxc1
36.Kd2 Na2 37.g4 Nb4  0-1

[Event "Sparkassen Open A"]
[Site "Dortmund GER"]
[Date "2010.07.24"]
[Round "8"]
[White "Thanabalasingam,A"]
[Black "Roehrich,S"]
[Result "0-1"]
[WhiteElo "1940"]
[BlackElo "2142"]

1.e4 c5 2.Nf3 d6 3.d4 cxd4 4.Nxd4 Nf6 5.Nc3 a6 6.Be3 e5 7.Nb3 Be6 8.f3 Be7
9.Qd2 h5 10.O-O-O Qc7 11.Kb1 Nbd7 12.Nd5 Bxd5 13.exd5 a5 14.a4 O-O 15.h3 Nb6
16.Bxb6 Qxb6 17.g4 Qb4 18.Qxb4 axb4 19.Bb5 hxg4 20.hxg4 Ne8 21.Rhe1 Nc7 22.f4 Nxb5
23.axb5 Bf6 24.f5 Bg5 25.Re4 Ra4 26.Rc4 Bd8 27.Re1 g6 28.Nd2 Bg5 29.Nb3 Bd8
30.c3 Kg7 31.Kc2 Rh8 32.Re2 gxf5 33.gxf5 Rh5 34.Rc8 Bg5 35.c4 Kf6 36.c5 dxc5
37.d6 Kxf5 38.d7 Rh4 39.Rxc5 Re4 40.Rg2 Be7 41.Rc8 b6 42.d8=Q Bxd8 43.Rxd8 Ra7
44.Rc8 Kf4 45.Nd2 Rd4 46.Rf2+ Ke3 47.Nb3 Kxf2 48.Nxd4 exd4 49.Kd3 Rd7 50.Rc6 f5
51.Rf6 Rd5 52.Rxb6 f4 53.Rb8 f3 54.b6 Rd6 55.b7 Rd7  0-1

[Event "MGU-12 Open"]
[Site "Sofia BUL"]
[Date "2010.07.24"]
[Round "3"]
[White "Andreev,Do"]
[Black "Petrov,Vl5"]
[Result "0-1"]
[WhiteElo "2046"]
[BlackElo "1690"]

1.e4 c5 2.Nf3 d6 3.d4 cxd4 4.Nxd4 Nf6 5.Nc3 a6 6.Be3 e5 7.Nb3 Be6 8.Qd2 Be7
9.f3 O-O 10.g4 d5 11.g5 d4 12.gxf6 Bxf6 13.Nd1 dxe3 14.Qxd8 Rxd8 15.Bd3 Bg5
16.Ke2 Nc6 17.Nxe3 Bxb3 18.axb3 Nd4+ 19.Kf2 Nxb3 20.Ra3 Nd4 21.Nd5 Rac8 22.Rc3 Rxc3
23.bxc3 Ne6 24.Rg1 Nf4 25.c4 Nh3+ 26.Kg2 Nxg1 27.Kxg1 a5 28.Nb6 Be3+  0-1

[Event "MGU-12 Open"]
[Site "Sofia BUL"]
[Date "2010.07.25"]
[Round "5"]
[White "Andreev,Do"]
[Black "Petrov,Martin"]
[Result "1-0"]
[WhiteElo "2046"]
[BlackElo "1858"]

1.e4 c5 2.Nf3 d6 3.d4 cxd4 4.Nxd4 Nf6 5.Nc3 a6 6.Be3 e5 7.Nb3 Be6 8.f3 Be7
9.Qd2 O-O 10.O-O-O Nbd7 11.g4 b5 12.Ne2 Ne8 13.Kb1 a5 14.Ng3 a4 15.Nc1 Rb8
16.Nf5 Nb6 17.h4 Nc4 18.Bxc4 Bxc4 19.b3 axb3 20.cxb3 Be6 21.h5 Qc7 22.Nxe7+ Qxe7
23.Nd3 Qb7 24.h6  1-0

[Event "15th Open"]
[Site "Balaguer ESP"]
[Date "2010.07.26"]
[Round "8"]
[White "Haslinger,S"]
[Black "Kohlweyer,B"]
[Result "1/2-1/2"]
[WhiteElo "2552"]
[BlackElo "2436"]

1.e4 c5 2.Nf3 d6 3.d4 cxd4 4.Nxd4 Nf6 5.Nc3 a6 6.Be3 e6 7.f3 h5 8.Qd2 Nbd7
9.Bd3 b5 10.a4 b4 11.Nce2 d5 12.exd5 Nxd5 13.Bg5 Be7 14.Bxe7 Qxe7 15.O-O Bb7
16.c4 bxc3 17.bxc3 Nc5 18.Bc2 h4 19.a5 Kf8 20.Rfe1 Kg8 21.c4 Nf6 22.Qg5 Rh5
23.Qe3 Nfd7 24.Rab1 Rc8 25.Nf5 Qf8 26.Nfd4  1/2-1/2

[Event "Open"]
[Site "Szombathely HUN"]
[Date "2010.07.27"]
[Round "1"]
[White "Berta,S"]
[Black "Koban,B"]
[Result "0-1"]
[WhiteElo "1866"]
[BlackElo "2275"]

1.e4 c5 2.Nf3 d6 3.d4 cxd4 4.Nxd4 Nf6 5.Nc3 a6 6.Be3 e6 7.g4 e5 8.Nf5 h5
9.g5 Nxe4 10.Nxg7+ Bxg7 11.Nxe4 d5 12.Ng3 d4 13.Bd2 Qd5 14.f3 h4 15.Ne4 Be6
16.Bc4 Qc6 17.Bxe6 Qxe6 18.Bb4 Nc6 19.Bc5 O-O-O 20.b4 Bf8 21.a3 Ne7 22.Bxe7 Bxe7
23.Rg1 Rhg8 24.Ke2 Qh3 25.Qf1 Qxh2+ 26.Rg2 Qf4 27.Qg1 Qf5 28.Rg4 Rh8 29.Qh2 h3
30.Rag1 Qe6 31.R1g3 Qc4+ 32.Kd2 Kb8 33.Rg1 Rd5 34.R4g3 d3 35.c3 Qa2+  0-1

[Event "ch-AUT w"]
[Site "Vienna AUT"]
[Date "2010.07.28"]
[Round "5"]
[White "Newrkla,K"]
[Black "Kessler,Mi"]
[Result "1/2-1/2"]
[WhiteElo "2105"]
[BlackElo "2047"]

1.e4 c5 2.Nf3 d6 3.d4 cxd4 4.Nxd4 Nf6 5.Nc3 a6 6.Be3 e5 7.Nb3 Be6 8.f3 h5
9.Qd2 Nbd7 10.a4 Rc8 11.Be2 Be7 12.O-O h4 13.Rfd1 Kf8 14.a5 g6 15.Nd5 Bxd5
16.exd5 Kg7 17.c4 Nh5 18.Rac1 f5 19.h3 Ng3 20.f4 exf4 21.Bxf4 Ne4 22.Qc2 Bg5
23.Bxg5 Qxg5 24.Qd3 Ne5 25.Qd4 Kh7 26.Nd2 Ng3 27.Qf2 Rhe8 28.Nf3 Qf6 29.Nxe5 Qxe5
30.Bf3 Qf4 31.Qd2 Re3 32.Rc3 Rce8 33.Rxe3 Rxe3 34.Qf2 Qe5 35.c5 Rb3 36.Re1 Qf6
37.Re6 Qg5 38.Re1 dxc5 39.Rd1 c4 40.Qd2 Qe7 41.d6 Qd8 42.Qd5 Rd3 43.Rxd3 cxd3
44.Qxb7+ Kh6 45.Qe7 Qxa5 46.Qxh4+ Nh5 47.Bxh5 g5 48.Qg3 Kxh5 49.Qxd3 Qe1+
50.Kh2 Qe5+ 51.Qg3 f4 52.Qf3+ Kg6 53.d7 Qd6 54.Qe4+ Kf6 55.Qe8 f3+ 56.Kg1 Qd4+
57.Kh1 Qd1+ 58.Kh2 Qd6+ 59.Kh1 Qd1+ 60.Kh2  1/2-1/2